Elementary structural mechanics / (Record no. 9806)
[ view plain ]
| 000 -LEADER | |
|---|---|
| fixed length control field | 00394cam a2200157ua 4500 |
| 003 - CONTROL NUMBER IDENTIFIER | |
| control field | OSt |
| 008 - FIXED-LENGTH DATA ELEMENTS--GENERAL INFORMATION | |
| fixed length control field | 250603b |||||||| |||| 00| 0 eng d |
| 041 ## - LANGUAGE CODE | |
| Language code of text/sound track or separate title | eng |
| 082 ## - DEWEY DECIMAL CLASSIFICATION NUMBER | |
| Classification number | 624.17 |
| Item number | TUN/EL |
| 100 ## - MAIN ENTRY--AUTHOR NAME | |
| Personal name | Au, Tung . |
| 245 ## - TITLE STATEMENT | |
| Title | Elementary structural mechanics / |
| 250 ## - EDITION STATEMENT | |
| Edition statement | 1 / |
| 260 ## - PUBLICATION, DISTRIBUTION, ETC. (IMPRINT) | |
| Place of publication | New Delhi : |
| Name of publisher | Prentice Hall of India Pvt Ltd. , |
| Year of publication | 1965. |
| 300 ## - PHYSICAL DESCRIPTION | |
| Number of Pages | 521 ; . |
| 942 ## - ADDED ENTRY ELEMENTS (KOHA) | |
| Koha item type | Books |
| Withdrawn status | Lost status | Damaged status | Home library | Current library | Date acquired | Full call number | Accession Number | Koha item type |
|---|---|---|---|---|---|---|---|---|
| Withdrawn | KAUAET | KAUAET | 07/04/2012 | 624.17 | 12354 | Books | ||
| KAUAET | KAUAET | 07/04/2012 | 624.17 TUN/EL | 7959 | Books |
